Normal view MARC view
  • Evans, James R.

Entry Personal Name

Number of records used in: 1

001 - CONTROL NUMBER

  • control field: 85031

003 - CONTROL NUMBER IDENTIFIER

  • control field: NUST

005 - DATE AND TIME OF LATEST TRANSACTION

  • control field: 20211124120248.0

008 - FIXED-LENGTH DATA ELEMENTS

  • fixed length control field: 211124|| aca||aabn | a|a d

040 ## - CATALOGING SOURCE

  • Original cataloging agency: NUST
  • Transcribing agency: NUST

100 ## - HEADING--PERSONAL NAME

  • Personal name: Evans, James R.
  • Fuller form of name: (James Robert),
  • Dates associated with a name: 1950-

670 ## - SOURCE DATA FOUND

  • Source citation: Work cat.: (NUST)33963: Evans, James R. (James Robert), 1950-, Managing for Quality and Performance Excellence /, c2011.
© 2023 Central Library, National University of Sciences and Technology. All Rights Reserved.